00844nam a2200169 a 4500008004100000050002900041110006000070245017500130260003800305300002000343350000900363500003900372650003200411995008300443999001700526952013100543150508s1996 ||||||||||||||||| || u aGOV.ZAM(05)DPD/1996/105O aGovernment of the Republic of Zambia. National Assembly10aRepublic of Zambia. Daily parliamentary debates, official verbatim report of the debates of the fifth session (resumed) of the seventh... (1996)cBy the National Assembly aLusaka:bGovernment Printerc1996 avarious pagings a0.00 aLIBRARY HOLDINGS:October 17th 1996 aDAILY PARLIAMENTARY DEBATES FCBU-MAIN LIBRARY (Kitwe)I0.00M1UAVAILABLEWMay 8, 2015ZZambiana Collection c56265d56265 00102lcc4070a001b001cZambiana Collectiond2022-11-30l0oGOV.ZAM(05)DPD/1996/105Op03005286r2022-11-30w2022-11-30y002